00506nam a2200181Ia 450000500170000000800410001702000180005804100120007608200150008810000190010324500480012226000560017030000190022665000260024565000150027170000180028670000200030420260429112005.0260429s9999||||xx |||||||||||||| ||und|| a9781787151772 aEnglish a658.8bHIL aHill, Lawrence 0aFundamentals of marketing / cLawrence Hill aUnited Kingdom : bKruger Brentt Publishers,c2024. aix, 423 p.; hb a Marketing management aManagement a Lewis, Bruce a Morris, Willie